[Event "Open SSM Autunno"]
[Site "Milano ITA"]
[Date "2014.10.03"]
[Round "6"]
[White "Madaschi, Sergio"]
[Black "Miracola, Giuseppe"]
[WhiteElo "1491"]
[BlackElo "1365"]
[Result "1-0"]
[PlyCount "93"]
[EventDate "2014.09.16"]

1. e4 e6 2. d4 d5 3. Nd2 dxe4 4. Nxe4 Bd7 5. Nf3 Bc6 6. Bd3 Bxe4 7. Bxe4 c6 8.
O-O Nf6 9. Bg5 Nbd7 10. c3 Be7 11. Qc2 g6 12. Rfe1 O-O 13. Rad1 Qc7 14. Bh6
Rfe8 15. Bd3 Ng4 16. Qd2 Bd6 17. h3 Nxh6 18. Qxh6 Bf4 19. Qh4 Nf8 20. Re4 Bd6
21. Qh6 e5 22. Rde1 f6 23. dxe5 Bxe5 24. Nxe5 fxe5 25. Bc4+ Kh8 26. Qg5 Nd7 27.
Bf7 Rf8 28. Qe7 Qd8 29. Qxd8 Raxd8 30. Bc4 Rde8 31. Bb3 Kg7 32. f4 Kf6 33.
fxe5+ Nxe5 34. Rf1+ Kg7 35. Rxf8 Kxf8 36. Rf4+ Kg7 37. Kh2 Rf8 38. Rxf8 Kxf8
39. Be6 b6 40. b4 c5 41. bxc5 bxc5 42. Kg3 Kg7 43. Kf4 Nd3+ 44. Ke3 Nc1 45. Bc4
h5 46. a4 Kf6 47. Kd2 1-0

[Event "Open SSM Autunno"]
[Site "Milano ITA"]
[Date "2014.10.03"]
[Round "6"]
[White "Mingolla, Patrizio"]
[Black "Silari, Andrea"]
[WhiteElo "1626"]
[BlackElo "1717"]
[Result "1/2-1/2"]
[PlyCount "83"]
[EventDate "2014.09.16"]

1. Nf3 Nf6 2. d4 d5 3. e3 Bg4 4. c4 e6 5. Bd3 dxc4 6. Bxc4 Be7 7. Nc3 O-O 8. h3
Bh5 9. g4 Bg6 10. Ne5 Nd5 11. Nxg6 hxg6 12. e4 Nxc3 13. bxc3 c6 14. Be3 b5 15.
Bb3 a5 16. Qe2 Na6 17. Rd1 a4 18. Bc2 Nc7 19. Rb1 g5 20. O-O g6 21. e5 Nd5 22.
Bd2 Kg7 23. Be4 Rh8 24. Kg2 Rh4 25. Qd3 Qd7 26. Rh1 Rah8 27. c4 bxc4 28. Qxc4
f5 29. exf6+ Kxf6 30. Qc1 Kf7 31. Bxg5 R4h7 32. Bxe7 Nxe7 33. Qf4+ Kg7 34. Qe5+
Kf7 35. g5 Nd5 36. Bxd5 Qxd5+ 37. Qxd5 exd5 38. Rb7+ Ke6 39. Rxh7 Rxh7 40. Kg3
Rb7 41. Re1+ Kd6 42. Re2 1/2-1/2

[Event "Open SSM Autunno"]
[Site "Milano ITA"]
[Date "2014.10.03"]
[Round "6"]
[White "Nepi, Ezio"]
[Black "Petrone, Gianmario"]
[WhiteElo "1950"]
[BlackElo "1963"]
[Result "1/2-1/2"]
[PlyCount "62"]
[EventDate "2014.09.16"]

1. e4 c5 2. Nf3 d6 3. Bb5+ Bd7 4. Bxd7+ Qxd7 5. O-O Nc6 6. c3 Nf6 7. Qe2 e6 8.
d4 cxd4 9. cxd4 d5 10. e5 Ne4 11. Be3 Be7 12. Ne1 f5 13. Qh5+ g6 14. Qd1 O-O
15. f3 Ng5 16. Nd3 Rac8 17. Nd2 Na5 18. b3 Rc7 19. Rc1 Rfc8 20. Nc5 Qb5 21. Nb1
b6 22. Qd3 Qxd3 23. Nxd3 Rxc1 24. Rxc1 Rxc1+ 25. Bxc1 Nf7 26. Ba3 Kf8 27. Nf4
Bxa3 28. Nxa3 Ke7 29. Kf2 Nc6 30. Nc2 Nfd8 31. Ke3 Nb7 1/2-1/2

[Event "Open SSM Autunno"]
[Site "Milano ITA"]
[Date "2014.10.03"]
[Round "6"]
[White "Pelizzola, Danilo"]
[Black "Miracola, Giorgia"]
[WhiteElo "2081"]
[BlackElo "1814"]
[Result "1-0"]
[PlyCount "77"]
[EventDate "2014.09.16"]

1. e4 Nf6 2. Nc3 d5 3. exd5 Nxd5 4. Bc4 Be6 5. Qf3 c6 6. Nge2 g6 7. Nd4 Qd7 8.
Nxe6 Qxe6+ 9. Qe4 Qxe4+ 10. Nxe4 Nd7 11. Nc3 N7f6 12. Nxd5 Nxd5 13. d4 Bg7 14.
c3 O-O 15. a4 e5 16. dxe5 Bxe5 17. Bxd5 cxd5 18. Be3 Rfd8 19. O-O-O Rac8 20.
Bxa7 d4 21. Rhe1 Bf4+ 22. Kc2 dxc3 23. bxc3 Rxd1 24. Kxd1 Bh6 25. Kc2 Bg7 26.
Re3 h5 27. Kb3 Bf6 28. Rd3 Kg7 29. Bd4 Rc6 30. Bxf6+ Kxf6 31. c4 Ke6 32. a5 f5
33. Kb4 g5 34. Kb5 g4 35. c5 h4 36. h3 Ra6 37. Rd8 g3 38. f4 Rc6 39. Rd6+ 1-0

[Event "Open SSM Autunno"]
[Site "Milano ITA"]
[Date "2014.10.03"]
[Round "6"]
[White "Pollio, Ciro"]
[Black "Colica, Daniele"]
[WhiteElo "1755"]
[BlackElo "1710"]
[Result "1-0"]
[PlyCount "49"]
[EventDate "2014.09.16"]

1. d4 Nf6 2. c4 e6 3. a3 Be7 4. Nc3 d5 5. Bf4 a6 6. e3 O-O 7. Nf3 Nbd7 8. h3
Ne4 9. Qc2 Nxc3 10. Qxc3 Nf6 11. Bd3 c6 12. c5 Ne4 13. Qc2 f5 14. Bxe4 fxe4 15.
Ne5 Bd7 16. O-O Be8 17. b4 h5 18. Qe2 g5 19. Bh2 Bf6 20. f3 Bxe5 21. Bxe5 exf3
22. Rxf3 Rxf3 23. Qxf3 Bg6 24. Rf1 Qe8 25. Qf6 1-0

[Event "Open SSM Autunno"]
[Site "Milano ITA"]
[Date "2014.10.03"]
[Round "6"]
[White "Spada, Maurizio"]
[Black "Di Paola, Antonio"]
[WhiteElo "1611"]
[BlackElo "1697"]
[Result "0-1"]
[PlyCount "84"]
[EventDate "2014.09.16"]

1. e4 c6 2. Nc3 d5 3. Nf3 Bg4 4. h3 Bxf3 5. Qxf3 e6 6. d4 Nf6 7. e5 Nfd7 8. Bd3
c5 9. Be3 cxd4 10. Bxd4 Nc6 11. Qe3 Nxd4 12. Qxd4 Bc5 13. Qg4 O-O 14. Qf4 a6
15. O-O Qc7 16. Rae1 Rfc8 17. Kh1 Be7 18. Qg3 Qd8 19. Qf3 Bb4 20. a3 Bxc3 21.
bxc3 g6 22. Qf4 Rxc3 23. Rb1 Qc7 24. Rfe1 b5 25. h4 Rxa3 26. h5 Ra4 27. Qg3 Qd8
28. f4 Nc5 29. hxg6 hxg6 30. Bxg6 fxg6 31. Qxg6+ Kf8 32. Qh6+ Ke8 33. c4 Rxc4
34. Rec1 Kd7 35. Rxc4 bxc4 36. Qh7+ Kc6 37. Qc2 Qh4+ 38. Kg1 Qxf4 39. Qb2 Qe3+
40. Qf2 Qxf2+ 41. Kxf2 Nb3 42. g4 a5 0-1

[Event "Open SSM Autunno"]
[Site "Milano ITA"]
[Date "2014.10.07"]
[Round "7"]
[White "Colica, Daniele"]
[Black "Madaschi, Sergio"]
[WhiteElo "1710"]
[BlackElo "1491"]
[Result "1-0"]
[PlyCount "99"]
[EventDate "2014.09.16"]

1. e4 c5 2. Nf3 d6 3. d4 cxd4 4. Qxd4 Nc6 5. Bb5 Bd7 6. Bxc6 Bxc6 7. Nc3 Nf6 8.
Bg5 e5 9. Qc4 Be7 10. O-O-O O-O 11. Nxe5 Rc8 12. Nxc6 Rxc6 13. Qd3 Qa5 14. h4
b5 15. Nd5 Nxd5 16. Qxd5 Rc5 17. Bd2 Qa4 18. Qb3 Qxe4 19. Rhe1 Qb7 20. Bc3 Rfc8
21. Re2 Rf5 22. Rde1 Rc7 23. Bb4 h6 24. Qd3 Rd5 25. Qg3 Kf8 26. Rxe7 Rxe7 27.
Bxd6 Rxd6 28. Qxd6 Qd7 29. Qb8+ Re8 30. Qxe8+ Qxe8 31. Rxe8+ Kxe8 32. Kd2 Kd7
33. Kd3 Ke6 34. c3 g5 35. hxg5 hxg5 36. b3 f5 37. c4 bxc4+ 38. bxc4 Ke5 39. Kc3
f4 40. Kb4 Kd6 41. Kb5 Kc7 42. Kc5 g4 43. Kd5 a5 44. c5 a4 45. c6 a3 46. Kc5 f3
47. g3 Kc8 48. Kd6 Kb8 49. Kd7 Ka7 50. c7 1-0

[Event "Open SSM Autunno"]
[Site "Milano ITA"]
[Date "2014.10.07"]
[Round "7"]
[White "Di Paola, Antonio"]
[Black "Mingolla, Patrizio"]
[WhiteElo "1697"]
[BlackElo "1626"]
[Result "1-0"]
[PlyCount "101"]
[EventDate "2014.09.16"]

1. d4 d5 2. c4 e6 3. cxd5 exd5 4. Nc3 c6 5. Nf3 Bd6 6. Bg5 Qc7 7. h3 h6 8. Bc1
Nf6 9. Qc2 Qe7 10. e3 Ne4 11. Nxd5 cxd5 12. Qxc8+ Qd8 13. Bb5+ Ke7 14. Qxb7+
Nd7 15. Qxd7+ Qxd7 16. Bxd7 Kxd7 17. O-O Rhc8 18. Nd2 Nf6 19. Nb3 Rc2 20. Nc5+
Bxc5 21. dxc5 Rxc5 22. Bd2 Ne4 23. Bb4 Rc2 24. Rad1 Ke6 25. f3 Nc5 26. Rf2 Rxf2
27. Kxf2 Rc8 28. Rd2 Nb7 29. Ke2 g6 30. b3 Rc6 31. Kd3 Rb6 32. Bc3 Nc5+ 33. Kd4
Nb7 34. g4 Rc6 35. Bb2 Ra6 36. Bc3 Rc6 37. Bb4 Rc7 38. Bf8 f6 39. h4 Rc8 40.
Bb4 Nd8 41. Kd3 Rb8 42. Ba3 Rc8 43. Rc2 Nc6 44. f4 Kd7 45. Rc5 Ne7 46. Rxc8
Nxc8 47. Kd4 Kc6 48. Bc5 a6 49. b4 Nb6 50. Bxb6 Kxb6 51. Kxd5 1-0

[Event "Open SSM Autunno"]
[Site "Milano ITA"]
[Date "2014.10.07"]
[Round "7"]
[White "Giaretta, Fulvio"]
[Black "Figini, Vittorio"]
[WhiteElo "1794"]
[BlackElo "1453"]
[Result "1-0"]
[PlyCount "75"]
[EventDate "2014.09.16"]

1. e4 c5 2. Nf3 Nc6 3. Bb5 a6 4. Be2 d6 5. d4 cxd4 6. Nxd4 Nf6 7. Nc3 e5 8. Nb3
Be7 9. Be3 b5 10. f3 Bb7 11. O-O Qc7 12. a3 Rd8 13. Qe1 O-O 14. Qf2 Nd7 15. Nd5
Qb8 16. Rac1 f5 17. exf5 Rxf5 18. Na5 Re8 19. Nxb7 Qxb7 20. Bd3 Rf7 21. c4 Nc5
22. Bxc5 dxc5 23. cxb5 axb5 24. Nxe7+ Rexe7 25. Qxc5 Nd4 26. Rce1 Qb8 27. Re4
Nb3 28. Qb4 Nd4 29. Bc4 Kh8 30. Bxf7 Qb6 31. Kh1 Rxf7 32. Rxe5 h6 33. Rd1 Rf4
34. Qd2 g5 35. Re8+ Kg7 36. Qc3 Kf7 37. Rc8 Qf6 38. Qd3 1-0

[Event "Open SSM Autunno"]
[Site "Milano ITA"]
[Date "2014.10.07"]
[Round "7"]
[White "Greco, Giovanni"]
[Black "Brisotto, Stefano"]
[WhiteElo "1484"]
[BlackElo "1464"]
[Result "0-1"]
[PlyCount "62"]
[EventDate "2014.09.16"]

1. d4 Nf6 2. c4 c5 3. d5 b5 4. b3 g6 5. Nc3 bxc4 6. bxc4 Bg7 7. Qc2 d6 8. e3
O-O 9. Nf3 Bf5 10. Bd3 Ne4 11. Bxe4 Bxe4 12. Qd2 Bxf3 13. gxf3 Nd7 14. f4 Nb6
15. Qd3 Qd7 16. h3 Na4 17. Bd2 Nb2 18. Qe2 e5 19. fxe5 Bxe5 20. Rc1 Rab8 21.
Ne4 f5 22. Ng5 Qa4 23. O-O Qxa2 24. Bc3 Qxc4 25. Qxc4 Nxc4 26. Bxe5 Nxe5 27.
Ra1 Ra8 28. Ra6 Rfd8 29. Rfa1 Rd7 30. f4 Nd3 31. Ne6 Nb4 0-1

[Event "Open SSM Autunno"]
[Site "Milano ITA"]
[Date "2014.10.07"]
[Round "7"]
[White "Invernizzi, Ferruccio"]
[Black "Spada, Maurizio"]
[WhiteElo "1627"]
[BlackElo "1611"]
[Result "0-1"]
[PlyCount "34"]
[EventDate "2014.09.16"]

1. e4 e5 2. Nf3 Nf6 3. Nxe5 d6 4. Nf3 Nxe4 5. d4 d5 6. Bd3 Bd6 7. O-O O-O 8. c4
c6 9. cxd5 cxd5 10. Nc3 Nxc3 11. bxc3 Bg4 12. h3 Bh5 13. Bxh7+ Kxh7 14. Ng5+
Qxg5 15. Bxg5 Bxd1 16. Rfxd1 Re8 17. Kf1 Nc6 0-1

[Event "Open SSM Autunno"]
[Site "Milano ITA"]
[Date "2014.10.07"]
[Round "7"]
[White "Mei, Gianluca"]
[Black "Casamassima, Paolo"]
[WhiteElo "1842"]
[BlackElo "1687"]
[Result "1-0"]
[PlyCount "69"]
[EventDate "2014.09.16"]

1. e4 Nf6 2. e5 Nd5 3. d4 d6 4. Nf3 Nc6 5. Bc4 dxe5 6. Nxe5 Nxe5 7. dxe5 e6 8.
O-O c6 9. Bb3 b5 10. a4 b4 11. Nd2 Ba6 12. Bc4 Bxc4 13. Nxc4 Qh4 14. Qe2 a5 15.
Bd2 Bc5 16. Rad1 O-O 17. g3 Qe7 18. h4 f6 19. exf6 Qxf6 20. Ne5 Nb6 21. Bg5 Qf5
22. g4 Bxf2+ 23. Rxf2 Qxf2+ 24. Qxf2 Rxf2 25. Kxf2 Rf8+ 26. Kg1 Nxa4 27. b3 Nc3
28. Rd8 Ne2+ 29. Kh2 Rxd8 30. Bxd8 Nd4 31. Bxa5 Nxc2 32. Nxc6 Ne3 33. Bxb4
Nxg4+ 34. Kg3 h5 35. Kf4 1-0

[Event "Open SSM Autunno"]
[Site "Milano ITA"]
[Date "2014.10.07"]
[Round "7"]
[White "Miracola, Giorgia"]
[Black "Costa, Calogero"]
[WhiteElo "1814"]
[BlackElo "1503"]
[Result "1-0"]
[PlyCount "111"]
[EventDate "2014.09.16"]

1. e4 c5 2. Nf3 e6 3. d4 cxd4 4. Nxd4 Nc6 5. Nb5 d6 6. Bf4 e5 7. Be3 Be7 8.
N1c3 a6 9. Nd5 axb5 10. Bb6 Qd7 11. Nc7+ Kf8 12. Nxa8 Nf6 13. f3 g6 14. Bxb5
Kg7 15. Qe2 Nh5 16. Be3 Bh4+ 17. g3 Bxg3+ 18. hxg3 Nxg3 19. Qh2 Nxh1 20. Qxh1
h5 21. O-O-O Qe7 22. Nb6 Be6 23. a3 Qc7 24. Nc4 Nd4 25. Bxd4 Bxc4 26. Bxc4 Qxc4
27. Bc3 Qe6 28. Bb4 Qa2 29. b3 Rc8 30. c3 Qxb3 31. Qe1 Rc6 32. Qd2 Kg8 33. Qb2
Qc4 34. Kb1 Rb6 35. a4 Kg7 36. a5 Rb5 37. Rxd6 Qf1+ 38. Ka2 Qxf3 39. Qc2 Qe3
40. Qd3 Qxd3 41. Rxd3 g5 42. Kb3 f5 43. Rd7+ Kg6 44. Rd6+ Kf7 45. exf5 e4 46.
Re6 Rxf5 47. Rxe4 g4 48. Ka4 g3 49. Re1 g2 50. Rg1 Rg5 51. Bd6 Ke6 52. Bh2 h4
53. c4 h3 54. Kb4 Kd7 55. Rd1+ Kc6 56. Rd6+ 1-0

[Event "Open SSM Autunno"]
[Site "Milano ITA"]
[Date "2014.10.07"]
[Round "7"]
[White "Miracola, Giuseppe"]
[Black "Bracco, Valter"]
[WhiteElo "1365"]
[BlackElo "1464"]
[Result "1/2-1/2"]
[PlyCount "71"]
[EventDate "2014.09.16"]

1. e4 c5 2. Bc4 e6 3. Nc3 a6 4. a4 Nc6 5. Nf3 Qc7 6. d3 Nf6 7. Be3 Be7 8. O-O
d6 9. h3 O-O 10. Ba2 Rb8 11. Re1 Bd7 12. Qd2 Nb4 13. Bb3 Rfd8 14. Bf4 Nh5 15.
Bg5 Nf6 16. e5 dxe5 17. Nxe5 Be8 18. Bf4 Bd6 19. Re3 Nh5 20. Bh2 Nc6 21. Nf3
Bxh2+ 22. Nxh2 Nd4 23. Ba2 Bc6 24. f3 Qg3 25. Kh1 Qf4 26. Nf1 Nf5 27. Ne2 Qh6
28. g4 Nxe3 29. Nxe3 Bxf3+ 30. Kg1 Nf6 31. Rf1 Qxh3 32. Kf2 Nxg4+ 33. Ke1 Qh4+
34. Kd1 Bxe2+ 35. Qxe2 Nxe3+ 36. Qxe3 1/2-1/2

[Event "Open SSM Autunno"]
[Site "Milano ITA"]
[Date "2014.10.07"]
[Round "7"]
[White "Miracola, Massimiliano"]
[Black "Petrone, Gianmario"]
[WhiteElo "2173"]
[BlackElo "1963"]
[Result "1/2-1/2"]
[PlyCount "42"]
[EventDate "2014.09.16"]

1. e4 c5 2. Nc3 d6 3. f4 g6 4. Nf3 Bg7 5. Bc4 Nf6 6. d3 Nc6 7. O-O O-O 8. a3
Nd4 9. Nxd4 cxd4 10. Nd5 Nxd5 11. Bxd5 Qc7 12. Rf2 Be6 13. Bxe6 fxe6 14. Qg4
Rf6 15. Qh4 Qc5 16. f5 exf5 17. Bg5 Rff8 18. Bxe7 Rfe8 19. Bg5 Rf8 20. Be7 Rfe8
21. Bg5 Rf8 1/2-1/2

[Event "Open SSM Autunno"]
[Site "Milano ITA"]
[Date "2014.10.07"]
[Round "7"]
[White "Nepi, Ezio"]
[Black "Pelizzola, Danilo"]
[WhiteElo "1950"]
[BlackElo "2081"]
[Result "1-0"]
[PlyCount "67"]
[EventDate "2014.09.16"]

1. d4 Nf6 2. c4 e6 3. g3 c5 4. d5 exd5 5. cxd5 b5 6. e4 Nxe4 7. Qe2 Qe7 8. Bg2
Nd6 9. Be3 Na6 10. Nc3 Rb8 11. a4 bxa4 12. Rxa4 Rb6 13. Ne4 f5 14. Bg5 fxe4 15.
Bxe7 Bxe7 16. Nh3 O-O 17. O-O Bf6 18. Rb1 Nb4 19. Rxa7 Nxd5 20. Bxe4 Nb4 21.
Bg2 Bd4 22. Nf4 Re8 23. Qh5 Re5 24. Qf3 g5 25. Qg4 Ne8 26. Ra8 Kf7 27. Qh5+ Kg7
28. Qg4 Kf7 29. Nh5 Nd6 30. Qf3+ Rf5 31. Qb3+ c4 32. Qa4 Rxf2 33. Kh1 Rxg2 34.
Rxc8 1-0

[Event "Open SSM Autunno"]
[Site "Milano ITA"]
[Date "2014.10.07"]
[Round "7"]
[White "Pollio, Ciro"]
[Black "Ciciotti, Augusto"]
[WhiteElo "1755"]
[BlackElo "1910"]
[Result "1/2-1/2"]
[PlyCount "41"]
[EventDate "2014.09.16"]

1. d4 Nf6 2. c4 g6 3. g3 Bg7 4. Bg2 d6 5. Nc3 O-O 6. e4 a6 7. Nf3 Nc6 8. O-O
Rb8 9. a4 Bd7 10. Bf4 Nh5 11. Be3 Na5 12. Qd3 Nc6 13. Rfe1 Nb4 14. Qd2 c6 15.
Na2 Nxa2 16. Rxa2 b5 17. axb5 axb5 18. b3 bxc4 19. bxc4 Nf6 20. Bf4 Nh5 21. Be3
1/2-1/2

[Event "Open SSM Autunno"]
[Site "Milano ITA"]
[Date "2014.10.07"]
[Round "7"]
[White "Verderame, Alberto"]
[Black "Frignani, Alessandro"]
[WhiteElo "1474"]
[BlackElo "1467"]
[Result "0-1"]
[PlyCount "100"]
[EventDate "2014.09.16"]

1. Nf3 e6 2. d4 d5 3. b3 Nf6 4. Bb2 b6 5. Nbd2 Bb7 6. e3 a6 7. a3 Nc6 8. Bd3 g6
9. O-O Bd6 10. Ne5 Nh5 11. f4 f5 12. Ndf3 Be7 13. c4 Nxe5 14. Nxe5 Nf6 15. cxd5
Nxd5 16. Qe2 Nf6 17. Bc4 Qd6 18. Rac1 Ne4 19. Rfd1 O-O 20. Nf3 h6 21. Ne5 Kh7
22. Qc2 Rad8 23. Bd3 Rc8 24. b4 Nf6 25. Be2 Nd5 26. Nc4 Qd8 27. Bf3 b5 28. Bxd5
Bxd5 29. Nd2 g5 30. e4 fxe4 31. Nxe4 Kg7 32. fxg5 Bxg5 33. Nxg5 Qxg5 34. Rf1
Rxf1+ 35. Rxf1 Qe3+ 36. Kh1 h5 37. Bc1 Qh3 38. Qf2 Qf5 39. Qxf5 exf5 40. Rxf5
Bf7 41. Bb2 Kg6 42. Rf1 Re8 43. h3 Re2 44. Bc1 Bd5 45. Rg1 Kf5 46. Kh2 Ke4 47.
Kg3 Kxd4 48. Kh4 Rxg2 49. Rd1+ Ke5 50. Kxh5 Bf3+ 0-1

[Event "Open SSM Autunno"]
[Site "Milano ITA"]
[Date "2014.10.10"]
[Round "8"]
[White "Casamassima, Paolo"]
[Black "Frignani, Alessandro"]
[WhiteElo "1687"]
[BlackElo "1467"]
[Result "1-0"]
[PlyCount "53"]
[EventDate "2014.09.16"]

1. d4 d5 2. c4 e6 3. Nf3 c6 4. e3 Nf6 5. Bd3 Qa5+ 6. Bd2 Qb6 7. b3 Nbd7 8. O-O
Ne4 9. Be1 Ndf6 10. Nbd2 Be7 11. Qc2 Bd7 12. Ne5 Bd6 13. Nxd7 Kxd7 14. c5 Bxc5
15. dxc5 Nxc5 16. Be2 Rag8 17. Rd1 Ke7 18. Nf3 g5 19. Ne5 a5 20. Bc3 Nce4 21.
Bb2 h5 22. Qd3 g4 23. f3 Nd6 24. fxg4 Rg5 25. h4 Rgg8 26. Rxf6 hxg4 27. Rdf1
1-0

[Event "Open SSM Autunno"]
[Site "Milano ITA"]
[Date "2014.10.10"]
[Round "8"]
[White "Ciciotti, Augusto"]
[Black "Di Paola, Antonio"]
[WhiteElo "1910"]
[BlackElo "1697"]
[Result "0-1"]
[PlyCount "62"]
[EventDate "2014.09.16"]

1. d4 Nf6 2. c4 e6 3. Nf3 b6 4. g3 Ba6 5. b3 Bb4+ 6. Bd2 Be7 7. Bg2 c6 8. O-O
O-O 9. Nc3 d5 10. Ne5 Nfd7 11. Nxd7 Qxd7 12. cxd5 cxd5 13. Re1 Nc6 14. Bc1 Rac8
15. a3 Nxd4 16. Qxd4 Bf6 17. Qa4 Qxa4 18. Nxa4 Bxa1 19. Bd2 Bf6 20. Bb4 Rfd8
21. e4 dxe4 22. Bxe4 Rd7 23. Kg2 Bb7 24. Bxb7 Rxb7 25. Re2 Rbc7 26. h4 Rc2 27.
Kf3 Rxe2 28. Kxe2 Rc2+ 29. Ke3 b5 30. Nc5 Be7 31. Kd3 Rxc5 0-1

[Event "Open SSM Autunno"]
[Site "Milano ITA"]
[Date "2014.10.10"]
[Round "8"]
[White "Costa, Calogero"]
[Black "Figini, Vittorio"]
[WhiteElo "1503"]
[BlackElo "1453"]
[Result "1-0"]
[PlyCount "47"]
[EventDate "2014.09.16"]

1. d4 Nf6 2. c4 e6 3. g3 c5 4. Nf3 b6 5. Bg2 Bb7 6. O-O Be7 7. Nc3 O-O 8. d5
exd5 9. cxd5 d6 10. Re1 Nbd7 11. h3 a6 12. a4 b5 13. axb5 axb5 14. Rxa8 Qxa8
15. e4 b4 16. Nb1 Rd8 17. Nbd2 Nb6 18. Bf1 Ba6 19. Qc2 Bxf1 20. Kxf1 Qa6+ 21.
Kg2 Re8 22. b3 Kf8 23. Bb2 Qa2 24. Ra1 1-0

[Event "Open SSM Autunno"]
[Site "Milano ITA"]
[Date "2014.10.10"]
[Round "8"]
[White "Madaschi, Sergio"]
[Black "Bracco, Valter"]
[WhiteElo "1491"]
[BlackElo "1464"]
[Result "0-1"]
[PlyCount "22"]
[EventDate "2014.09.16"]

1. e4 c5 2. Nf3 e6 3. d4 cxd4 4. Nxd4 a6 5. Be2 Nf6 6. Nc3 Qc7 7. O-O Nc6 8. a3
Be7 9. Qd2 O-O 10. f4 Nxd4 11. Qxd4 Bc5 0-1

[Event "Open SSM Autunno"]
[Site "Milano ITA"]
[Date "2014.10.10"]
[Round "8"]
[White "Mei, Gianluca"]
[Black "Miracola, Massimiliano"]
[WhiteElo "1842"]
[BlackElo "2173"]
[Result "0-1"]
[PlyCount "80"]
[EventDate "2014.09.16"]

1. e4 d6 2. Nc3 Nf6 3. f4 g6 4. Nf3 Bg7 5. g3 O-O 6. Bg2 c5 7. d3 Nc6 8. O-O
Rb8 9. h3 b5 10. a3 a5 11. Be3 b4 12. axb4 axb4 13. Ne2 Nd7 14. d4 cxd4 15.
Nexd4 Nxd4 16. Bxd4 Bb7 17. Bxg7 Kxg7 18. Qd4+ Kg8 19. Rfe1 Qc7 20. Qxb4 Ba8
21. Qc3 Qb6+ 22. Qd4 Qxb2 23. Qxb2 Rxb2 24. Ra7 Nf6 25. Rxe7 Rxc2 26. Nd4 Rd2
27. Nb5 Nh5 28. Re3 Rb8 29. Bf1 Bc6 30. Nc3 Rbb2 31. Ne2 Bb5 32. Rb7 Bxe2 33.
Rxb2 Rxb2 34. Bxe2 Nxg3 35. Bf3 h5 36. Rd3 Ne2+ 37. Bxe2 Rxe2 38. f5 g5 39.
Rxd6 Rxe4 40. Kg2 Rf4 0-1

[Event "Open SSM Autunno"]
[Site "Milano ITA"]
[Date "2014.10.10"]
[Round "8"]
[White "Mingolla, Patrizio"]
[Black "Brisotto, Stefano"]
[WhiteElo "1626"]
[BlackElo "1464"]
[Result "1-0"]
[PlyCount "42"]
[EventDate "2014.09.16"]

1. e4 c5 2. a3 Nc6 3. c3 e5 4. b4 Nf6 5. Qc2 Be7 6. Bc4 O-O 7. Nf3 d5 8. exd5
Nxd5 9. O-O Be6 10. Bb5 f6 11. d3 Rc8 12. Nbd2 a6 13. Bxc6 Rxc6 14. Nc4 cxb4
15. axb4 Nxb4 16. cxb4 b5 17. Re1 bxc4 18. dxc4 Rc8 19. c5 a5 20. Qe4 Qd7 21.
Bb2 axb4 {incomprensibile 1-0} 1-0

[Event "Open SSM Autunno"]
[Site "Milano ITA"]
[Date "2014.10.10"]
[Round "8"]
[White "Miracola, Giorgia"]
[Black "Nepi, Ezio"]
[WhiteElo "1814"]
[BlackElo "1950"]
[Result "1-0"]
[PlyCount "69"]
[EventDate "2014.09.16"]

1. e4 c5 2. a3 g6 3. b4 Bg7 4. c3 d5 5. exd5 Qxd5 6. bxc5 Bf5 7. d4 Bxb1 8.
Rxb1 Qe4+ 9. Be3 Nf6 10. Nf3 O-O 11. Bd3 Qc6 12. O-O Nbd7 13. Qb3 b6 14. Bb5
Qc8 15. c6 Nb8 16. d5 Ne4 17. Rbc1 Na6 18. Bxa6 Qxa6 19. Qb4 Nd6 20. c4 Rfd8
21. Rfd1 Qc8 22. Bf4 Qf5 23. Bg3 Bh6 24. Rb1 Qc2 25. c7 Rdc8 26. Bxd6 exd6 27.
Nd4 Qe4 28. Qxd6 Bf4 29. Qc6 Qe7 30. Nb5 a6 31. d6 Qf6 32. Nc3 Qxc3 33. d7 Bxc7
34. dxc8=Q+ Rxc8 35. Qd7 1-0

[Event "Open SSM Autunno"]
[Site "Milano ITA"]
[Date "2014.10.10"]
[Round "8"]
[White "Miracola, Giuseppe"]
[Black "Greco, Giovanni"]
[WhiteElo "1365"]
[BlackElo "1484"]
[Result "0-1"]
[PlyCount "64"]
[EventDate "2014.09.16"]

1. e4 e5 2. Nf3 Nc6 3. Bc4 Nf6 4. Nc3 Na5 5. Be2 d6 6. d3 g6 7. O-O Bg7 8. Bd2
Nc6 9. Nd5 Nxd5 10. exd5 Ne7 11. c4 O-O 12. Bg5 b6 13. Qd2 Bb7 14. Rab1 Qd7 15.
Bh6 c6 16. dxc6 Bxc6 17. b3 Rfe8 18. Rfe1 Bh8 19. Bg5 Nf5 20. b4 d5 21. b5 Bb7
22. Qc1 d4 23. Bh6 a6 24. a4 axb5 25. axb5 Ra2 26. Bd2 e4 27. Ng5 e3 28. fxe3
Nxe3 29. Bxe3 dxe3 30. Nf3 Qg4 31. Bf1 Bxf3 32. g3 Bd4 0-1

[Event "Open SSM Autunno"]
[Site "Milano ITA"]
[Date "2014.10.10"]
[Round "8"]
[White "Pelizzola, Danilo"]
[Black "Silari, Andrea"]
[WhiteElo "2081"]
[BlackElo "1717"]
[Result "0-1"]
[PlyCount "80"]
[EventDate "2014.09.16"]

1. e4 c5 2. Nf3 Nc6 3. d4 cxd4 4. Nxd4 Nf6 5. Nc3 d6 6. Be2 e6 7. Be3 Be7 8.
Qd2 a6 9. f4 O-O 10. O-O-O Qc7 11. Bf3 Rb8 12. Kb1 Nxd4 13. Qxd4 b5 14. Rhe1
Rd8 15. h3 Bb7 16. Qb6 Qc4 17. Rd4 Qc8 18. Qa5 Nd7 19. Red1 h6 20. Ne2 Nc5 21.
Qd2 Qc7 22. Nc3 Ba8 23. g4 a5 24. Ne2 b4 25. Ng3 Na4 26. Qd3 Rdc8 27. Be2 Nc3+
28. Ka1 Nxd1 29. Bxd1 a4 30. Ne2 a3 31. g5 hxg5 32. fxg5 axb2+ 33. Kxb2 Qa5 34.
h4 e5 35. Rd5 Bxd5 36. exd5 Ra8 37. Qb3 Qa3+ 38. Kb1 Qxb3+ 39. axb3 Ra5 40. Nc1
Rxd5 0-1

[Event "Open SSM Autunno"]
[Site "Milano ITA"]
[Date "2014.10.10"]
[Round "8"]
[White "Petrone, Gianmario"]
[Black "Giaretta, Fulvio"]
[WhiteElo "1963"]
[BlackElo "1794"]
[Result "1-0"]
[PlyCount "87"]
[EventDate "2014.09.16"]

1. e4 e5 2. Nf3 Nc6 3. Bc4 Nf6 4. d3 Be7 5. c3 d6 6. O-O O-O 7. Bb3 Bg4 8. Nbd2
d5 9. exd5 Nxd5 10. Nc4 Nb6 11. h3 Bh5 12. Re1 Nxc4 13. Bxc4 Qd6 14. Bb5 f5 15.
Qb3+ Bf7 16. Bc4 Bxc4 17. dxc4 Kh8 18. Qxb7 Rab8 19. Qa6 Rb6 20. Qa4 e4 21. Rd1
Qg6 22. Nd4 Ne5 23. Bf4 Nd3 24. Bxc7 Rxb2 25. Nc2 Bc5 26. Rf1 f4 27. Rad1 Nxf2
28. Rxf2 Qg3 29. Rdf1 e3 30. Re2 Rb7 31. Bxf4 Rb1 32. Rxb1 Qxf4 33. Nd4 Bd6 34.
Nf3 Qg3 35. Rf1 h6 36. Kh1 Rxf3 37. Qe8+ Kh7 38. Qe4+ g6 39. gxf3 Qxh3+ 40. Kg1
Qg3+ 41. Rg2 Bc5 42. Qb7+ Kg8 43. Qc8+ Kg7 44. Qxc5 1-0

[Event "Open SSM Autunno"]
[Site "Milano ITA"]
[Date "2014.10.10"]
[Round "8"]
[White "Spada, Maurizio"]
[Black "Colica, Daniele"]
[WhiteElo "1611"]
[BlackElo "1710"]
[Result "0-1"]
[PlyCount "128"]
[EventDate "2014.09.16"]

1. e4 d5 2. exd5 Nf6 3. d4 Bg4 4. f3 Bf5 5. Bc4 Nxd5 6. Ne2 e6 7. Ng3 Bg6 8.
O-O Be7 9. Bd3 Bxd3 10. Qxd3 Nc6 11. c3 O-O 12. Nd2 e5 13. Nb3 exd4 14. Nxd4
Nxd4 15. Qxd4 Bf6 16. Qg4 g6 17. Rd1 c6 18. Kh1 Qc8 19. Qc4 Re8 20. Ne4 b5 21.
Qb3 Qe6 22. Bh6 Bg7 23. Bxg7 Kxg7 24. a4 a6 25. c4 bxc4 26. Qxc4 Reb8 27. Qd4+
Kg8 28. Re1 Rb4 29. Qd2 f5 30. Nc3 Qd6 31. Nxd5 cxd5 32. Re3 Rab8 33. b3 Rxb3
34. Rxb3 Rxb3 35. Rd1 Ra3 36. h3 Rxa4 37. Qxd5+ Qxd5 38. Rxd5 Kg7 39. Kh2 Kf6
40. Rd7 h5 41. Kg3 g5 42. Rd6+ Ke5 43. Rg6 f4+ 44. Kh2 Kf5 45. Rg8 a5 46. Rf8+
Ke6 47. Rg8 Kf6 48. Rh8 h4 49. Rh6+ Kf5 50. Rb6 Rb4 51. Rc6 a4 52. Rc5+ Kg6 53.
Ra5 Kf6 54. Ra6+ Ke5 55. Ra5+ Kd4 56. Rxg5 a3 57. Ra5 Rb3 58. Ra4+ Ke3 59. Ra8
Kd2 60. Ra4 Kc2 61. Rxf4 a2 62. Ra4 Kb2 63. g3 Ra3 64. Rb4+ Kc3 0-1